| 000 | 00978nam a2200265 i 4500 | ||
|---|---|---|---|
| 001 | 187087 | ||
| 003 | SpMaBN | ||
| 005 | 20240229062734.0 | ||
| 008 | 170411s1990 sp ae |||| |bspa d | ||
| 020 | _a84-7039-556-4 | ||
| 080 | _a929 Lanz, José María de | ||
| 080 | _a94(460.351 C.)"1808/14" | ||
| 100 | 1 |
_aDemerson, Jorge. _943638 |
|
| 245 | 1 | 0 |
_aJosé María de Lanz _b: prefecto de Córdoba / _cJorge Demerson ; introducción de José A. García-Diego. |
| 260 |
_a[Madrid] : _bFundación Juanelo Turriano : _bCastalia, _c[1990] |
||
| 300 |
_a92 p. : _bil., 1 plano ; _c21 cm. |
||
| 504 | _aBibliografía: p. 91-92. | ||
| 600 | 1 | 7 |
_aLanz, José María de ( _d1764-1839) _9162346 |
| 651 | 7 |
_aCórdoba- _xHistoria- _yS.XIX. _9157773 |
|
| 651 | 4 |
_aEspaña- _xHistoria- _y1808-1814, Guerra de la Independencia _98244 |
|
| 700 | 1 |
_aGarcía-Diego, José A. _954541 |
|
| 710 | 2 |
_aFundación Juanelo Turriano. _94352 |
|
| 852 |
_aES-MaACL _jL-31408 |
||
| 999 |
_c187087 _d187087 |
||